Erfolgreichste Filme der 60er nach Haupthelden - Statistiken

Allgemein
  • Dieses Quiz wurde 36 mal gespielt
    33 seit der letzten Aktualisierung
  • Das Durchschnittsergebnis liegt bei 7 aus 20
Antwortstatistiken
Bildquiz Hint Antwort % Korrekt
Bruce Reitherman Das Dschungelbuch
100%
Sean Connery James Bond
100%
Lex Barker, Pierre Brice Winnetou
93%
/ Ein toller Käfer
85%
Charles Bronson Spiel mir das Lied vom Tod
67%
Charlton Heston Ben Hur
63%
Omar Sharif Doktor Schiwago
52%
Hansi Kraus Zum Teufel mit der Penne
19%
Peter Alexander Im weißen Rößl
15%
Michèle Mercier Angélique
11%
Ingrid Thulin, Gunnel Lindblom Das Schweigen
11%
Heinz Rühmann Der brave Soldat Schwejk
11%
Liselotte Pulver Kohlhiesels Töchter
11%
Werner Enke Zur Sache, Schätzchen
11%
Stuart Whitman Die tollkühnen Männer in ihren fliegenden Kisten
7%
Jack Lemmon Das Mädchen Irma La Douce
4%
Liselotte Pulver Das Spukschloß im Spessart
4%
Udo Jürgens, Gunther Philipp, Gus Backus, Bill Ramsey Unsere tollen Tanten
4%
Lex Barker Der Schut
0%
Peter Alexander, Ingeborg Schöner Ich zähle täglich meine Sorgen
0%
Keine übereinstimmenden Quizze gefunden
Verteilung der Resultate
Anzahl Personen mit jedem Resultat
Perzentil nach korrekt beantworteten Fragen
Ihre Resultats-Entwicklung
Sie haben dieses Quiz seit der letzten Aktualisierung nicht gespielt